<?xml version="1.0" encoding="UTF-8"?>
<collection xmlns="http://www.loc.gov/MARC21/slim">
 <record>
  <leader>02478nas a22003971  4500</leader>
  <controlfield tag="001">1/50354</controlfield>
  <controlfield tag="008">031021c19839999fr qrzp           a0    d</controlfield>
  <datafield tag="022" ind1=" " ind2=" ">
   <subfield code="a">0255-3627</subfield>
  </datafield>
  <datafield tag="035" ind1=" " ind2=" ">
   <subfield code="l">24398</subfield>
  </datafield>
  <datafield tag="040" ind1=" " ind2=" ">
   <subfield code="a">GR-PeUP</subfield>
  </datafield>
  <datafield tag="090" ind1=" " ind2=" ">
   <subfield code="a">Αλφαβητική σειρά</subfield>
  </datafield>
  <datafield tag="245" ind1="0" ind2="0">
   <subfield code="a">Quarterly labour force statistics</subfield>
  </datafield>
  <datafield tag="260" ind1=" " ind2=" ">
   <subfield code="a">Paris :</subfield>
   <subfield code="b">Organisation for Economic Co-operation and Developpement,</subfield>
   <subfield code="c">1983-</subfield>
  </datafield>
  <datafield tag="300" ind1=" " ind2=" ">
   <subfield code="a">v. :</subfield>
   <subfield code="b">ill. ;</subfield>
   <subfield code="c">27 cm.</subfield>
  </datafield>
  <datafield tag="310" ind1=" " ind2=" ">
   <subfield code="a">Quarterly</subfield>
  </datafield>
  <datafield tag="362" ind1="0" ind2=" ">
   <subfield code="a">Issue 1(2002)-</subfield>
  </datafield>
  <datafield tag="546" ind1=" " ind2=" ">
   <subfield code="a">English</subfield>
  </datafield>
  <datafield tag="650" ind1=" " ind2="4">
   <subfield code="a">Labor supply</subfield>
   <subfield code="x">Statistics</subfield>
   <subfield code="v">Periodicals.</subfield>
  </datafield>
  <datafield tag="852" ind1=" " ind2=" ">
   <subfield code="a">INST</subfield>
   <subfield code="b">UNIPILB</subfield>
   <subfield code="c">SERIALS</subfield>
   <subfield code="e">20050216</subfield>
   <subfield code="h">Αλφαβητική σειρά</subfield>
   <subfield code="p">40198</subfield>
   <subfield code="q">40198</subfield>
   <subfield code="t">NOLOAN</subfield>
   <subfield code="v">iss.1:(Έτος)2002</subfield>
   <subfield code="y">23</subfield>
  </datafield>
  <datafield tag="852" ind1=" " ind2=" ">
   <subfield code="a">INST</subfield>
   <subfield code="b">UNIPILB</subfield>
   <subfield code="c">SERIALS</subfield>
   <subfield code="e">20050216</subfield>
   <subfield code="h">Αλφαβητική σειρά</subfield>
   <subfield code="p">40199</subfield>
   <subfield code="q">40199</subfield>
   <subfield code="t">NOLOAN</subfield>
   <subfield code="v">iss.2:(Έτος)2002</subfield>
   <subfield code="y">23</subfield>
  </datafield>
  <datafield tag="852" ind1=" " ind2=" ">
   <subfield code="a">INST</subfield>
   <subfield code="b">UNIPILB</subfield>
   <subfield code="c">SERIALS</subfield>
   <subfield code="e">20050216</subfield>
   <subfield code="h">Αλφαβητική σειρά</subfield>
   <subfield code="p">40200</subfield>
   <subfield code="q">40200</subfield>
   <subfield code="t">NOLOAN</subfield>
   <subfield code="v">iss.3:(Έτος)2002</subfield>
   <subfield code="y">23</subfield>
  </datafield>
  <datafield tag="852" ind1=" " ind2=" ">
   <subfield code="a">INST</subfield>
   <subfield code="b">UNIPILB</subfield>
   <subfield code="c">SERIALS</subfield>
   <subfield code="e">20050216</subfield>
   <subfield code="h">Αλφαβητική σειρά</subfield>
   <subfield code="p">40201</subfield>
   <subfield code="q">40201</subfield>
   <subfield code="t">NOLOAN</subfield>
   <subfield code="v">iss.4:(Έτος)2002</subfield>
   <subfield code="y">23</subfield>
  </datafield>
  <datafield tag="852" ind1=" " ind2=" ">
   <subfield code="a">INST</subfield>
   <subfield code="b">UNIPILB</subfield>
   <subfield code="c">SERIALS</subfield>
   <subfield code="e">20050216</subfield>
   <subfield code="h">Αλφαβητική σειρά</subfield>
   <subfield code="p">40202</subfield>
   <subfield code="q">40202</subfield>
   <subfield code="t">NOLOAN</subfield>
   <subfield code="v">iss.1:(Έτος)2003</subfield>
   <subfield code="y">23</subfield>
  </datafield>
  <datafield tag="852" ind1=" " ind2=" ">
   <subfield code="a">INST</subfield>
   <subfield code="b">UNIPILB</subfield>
   <subfield code="c">SERIALS</subfield>
   <subfield code="e">20050216</subfield>
   <subfield code="h">Αλφαβητική σειρά</subfield>
   <subfield code="p">40203</subfield>
   <subfield code="q">40203</subfield>
   <subfield code="t">NOLOAN</subfield>
   <subfield code="v">iss.2:(Έτος)2003</subfield>
   <subfield code="y">23</subfield>
  </datafield>
  <datafield tag="852" ind1=" " ind2=" ">
   <subfield code="a">INST</subfield>
   <subfield code="b">UNIPILB</subfield>
   <subfield code="c">SERIALS</subfield>
   <subfield code="e">20050216</subfield>
   <subfield code="h">Αλφαβητική σειρά</subfield>
   <subfield code="p">40204</subfield>
   <subfield code="q">40204</subfield>
   <subfield code="t">NOLOAN</subfield>
   <subfield code="v">iss.3:(Έτος)2003</subfield>
   <subfield code="y">23</subfield>
  </datafield>
  <datafield tag="852" ind1=" " ind2=" ">
   <subfield code="a">INST</subfield>
   <subfield code="b">UNIPILB</subfield>
   <subfield code="c">SERIALS</subfield>
   <subfield code="e">20050216</subfield>
   <subfield code="h">Αλφαβητική σειρά</subfield>
   <subfield code="p">40205</subfield>
   <subfield code="q">40205</subfield>
   <subfield code="t">NOLOAN</subfield>
   <subfield code="v">iss.4:(Έτος)2003</subfield>
   <subfield code="y">23</subfield>
  </datafield>
  <datafield tag="852" ind1=" " ind2=" ">
   <subfield code="a">INST</subfield>
   <subfield code="b">UNIPILB</subfield>
   <subfield code="c">SERIALS</subfield>
   <subfield code="e">20051014</subfield>
   <subfield code="h">Αλφαβητική σειρά</subfield>
   <subfield code="p">47525</subfield>
   <subfield code="q">47525</subfield>
   <subfield code="t">NOLOAN</subfield>
   <subfield code="v">iss.1:(Έτος)2004</subfield>
   <subfield code="y">23</subfield>
  </datafield>
  <datafield tag="852" ind1=" " ind2=" ">
   <subfield code="a">INST</subfield>
   <subfield code="b">UNIPILB</subfield>
   <subfield code="c">SERIALS</subfield>
   <subfield code="e">20051014</subfield>
   <subfield code="h">Αλφαβητική σειρά</subfield>
   <subfield code="p">47526</subfield>
   <subfield code="q">47526</subfield>
   <subfield code="t">NOLOAN</subfield>
   <subfield code="v">iss.2:(Έτος)2004</subfield>
   <subfield code="y">23</subfield>
  </datafield>
  <datafield tag="852" ind1=" " ind2=" ">
   <subfield code="a">INST</subfield>
   <subfield code="b">UNIPILB</subfield>
   <subfield code="c">SERIALS</subfield>
   <subfield code="e">20051014</subfield>
   <subfield code="h">Αλφαβητική σειρά</subfield>
   <subfield code="p">47527</subfield>
   <subfield code="q">47527</subfield>
   <subfield code="t">NOLOAN</subfield>
   <subfield code="v">iss.3:(Έτος)2004</subfield>
   <subfield code="y">23</subfield>
  </datafield>
  <datafield tag="852" ind1=" " ind2=" ">
   <subfield code="a">INST</subfield>
   <subfield code="b">UNIPILB</subfield>
   <subfield code="c">SERIALS</subfield>
   <subfield code="e">20051014</subfield>
   <subfield code="h">Αλφαβητική σειρά</subfield>
   <subfield code="p">47528</subfield>
   <subfield code="q">47528</subfield>
   <subfield code="t">NOLOAN</subfield>
   <subfield code="v">iss.4:(Έτος)2004</subfield>
   <subfield code="y">23</subfield>
  </datafield>
  <datafield tag="856" ind1="4" ind2="1">
   <subfield code="u">http://titania.sourceoecd.org/vl=2554933/cl=115/nw=1/rpsv/home.htm</subfield>
  </datafield>
  <datafield tag="900" ind1=" " ind2=" ">
   <subfield code="a">issue 1 (2005)</subfield>
   <subfield code="b">Οφειλόμενο</subfield>
   <subfield code="c">04/07/2007</subfield>
  </datafield>
  <datafield tag="950" ind1=" " ind2=" ">
   <subfield code="a">01/01/2002</subfield>
   <subfield code="c">SWETS INFORMATION SERVICES</subfield>
   <subfield code="d">282</subfield>
  </datafield>
  <datafield tag="951" ind1=" " ind2=" ">
   <subfield code="a">issue 1 (2004) - issue 4 (2004)</subfield>
   <subfield code="b">Main run</subfield>
  </datafield>
  <datafield tag="951" ind1=" " ind2=" ">
   <subfield code="a">issue 1 (2002) - issue 4 (2002)</subfield>
   <subfield code="b">Main run</subfield>
  </datafield>
  <datafield tag="951" ind1=" " ind2=" ">
   <subfield code="a">issue 1 (2003) - issue 4 (2003)</subfield>
   <subfield code="b">Main run</subfield>
  </datafield>
 </record>
</collection>
